Význam odložené daně při oceňování podniku

Princípy vzniku odloženej dane a jej vplyv na oceňovanie podniku. Príklad vývoja základu odloženej dane. Empirické poznatky o hodnotovej relevancii odloženej dane. Prístup k výnosovému oceneniu odloženej dane. Spôsoby výnosového ocenenia odloženej dane.

Guardado en:
Detalles Bibliográficos
Autor principal: Jindra, Marek
Formato: Capítulo de libro
Lenguaje:checo
Materias:
Etiquetas: Agregar Etiqueta
Sin Etiquetas, Sea el primero en etiquetar este registro!

MARC

LEADER 00000naa$a2200000$$$4500
001 0043896
005 20231114082318.3
041 0 |a cze 
044 |a CZ 
245 1 0 |a Význam odložené daně při oceňování podniku  |c Marek Jindra 
520 |a Princípy vzniku odloženej dane a jej vplyv na oceňovanie podniku. Príklad vývoja základu odloženej dane. Empirické poznatky o hodnotovej relevancii odloženej dane. Prístup k výnosovému oceneniu odloženej dane. Spôsoby výnosového ocenenia odloženej dane. 
610 2 0 |a dane odložené 
610 2 0 |a oceňovanie ekonomické 
610 2 0 |a podnik 
610 2 0 |a hodnota trhová 
610 2 0 |a hodnota zostatková 
610 2 0 |a plán finančný 
100 1 |a Jindra, Marek